Predikcia dynamických systémov rekurentnými neurónovými sieťami

Enregistré dans:
Détails bibliographiques
Auteur principal: Trebatický, Peter, 1980- (Auteur)
Autres auteurs: Pospíchal, Jiří, 1961- (Directeur de thèse)
Format: Manuscrit Livre
Langue:slovaque
Publié: STU v Bratislave FIIT, 2009
Sujets:
Tags: Ajouter un tag
Pas de tags, Soyez le premier à ajouter un tag!

MARC

LEADER 00000ntm a22000003a 4500
001 stu186999
005 20180423102921.1
008 090708s2009----xo------------------slo-d
040 |a STU  |b slo 
041 0 |a slo 
044 |a xo 
100 1 |a Trebatický, Peter,  |d 1980-  |4 aut  |u I300  |U FIIT Fakulta informatiky a informačných technológií  |T FIIT Ústav aplikovanej informatiky  |X 10202  |U I300  |Y 180  |7 10202 
245 1 |a Predikcia dynamických systémov rekurentnými neurónovými sieťami 
246 2 1 |a Prediction of Dynamical Systems by Recurrent Neural Networks 
260 |b STU v Bratislave FIIT,  |c 2009 
300 |a 78 s  |c autoreferát diz. práce 
650 7 |a umelá inteligencia  |2 stusub 
650 7 |a dynamické systémy  |2 stusub 
650 7 |a rekurentná neurónová sieť  |2 stusub 
700 1 |a Pospíchal, Jiří,  |d 1961-  |4 ths  |u I300  |U FIIT Fakulta informatiky a informačných technológií  |T FIIT Ústav aplikovanej informatiky  |X 1743  |U I300  |Y 180  |7 A000001743 
996 |b IDIZ26/09  |c I*DIZ26/09  |l II680  |s A  |a 24  |w stu186999_0001 
996 |b IDIZ25/09  |c I*DIZ25/09  |l II680  |s A  |a 24  |w stu186999_0003